000 00629nam a2200253Ia 4500
005 20250425162639.0
008 250425s9999 xx 000 0 und d
020 _a9786071510044
041 _aspa
043 _amx
082 _a658.5
100 _aCHASE, RICHARD B
245 0 _aADMINISTRACION DE OPERACIONES: PRODUCCION Y CADENA DE SUMINISTROS
250 _a13A ED.
260 _aMEXICO
260 _aMéxico
_bMCGRAW HILL
_c2014
300 _a780
650 _aCADENA DE SUMINISTRO
650 _aGESTION ESTRATEGICA
650 _aLOGISTICA
700 _aJACOBS, F. ROBERT
942 _c01
010 _a93384
999 _c233535
_d233535